Sports Quiz

Random Sports Quiz

Pittsburgh Sports Teams Quiz Stats

 Plays Quiz not verified by Sporcle

Challenge
Share
Tweet
Embed
Score 0/13 Timer 05:00
0 Plays Today
League Team % Correct
NFLSteelers
93.9%
MLBPirates
92.9%
NHLPenguins
90.8%
ACCPittsburgh
68.4%
Big 10Penn State
63.3%
Atlantic 10/NECDuquesne
38.8%
MLSRiverhounds
34.7%
NECRobert Morris
25.5%
NECSt. Francis
25.5%
AFLPower
24.5%
WFAPassion
17.3%
Patriot Lehigh
11.2%
Patriot Lafayette
9.2%

You're not logged in!

Compare scores with friends on all Sporcle quizzes.
Join for Free
OR
Log In

You Might Also Like...

Show Comments

Extras

Top Quizzes Today


Score Distribution

Your Account Isn't Verified!

In order to create a playlist on Sporcle, you need to verify the email address you used during registration. Go to your Sporcle Settings to finish the process.

Report this User

Report this user for behavior that violates our Community Guidelines.

Details: